Archivos de instituciones de educación superior (Registro nro. 302644)

Detalles MARC
000 -ENCABEZADO
Número de control [NR] 01345cam a2200277 a 4500
005 - FECHA Y HORA DE LA ÚLTIMA TRANSACCIÓN
control field 20231124115704.0
008 - DE LONGITUD FIJA DE DATOS DE ELEMENTOS - INFORMACIÓN GENERAL
Elementos de longitud fija [NR] 160212s2005 ck a gr 000 0 spa d
020 ## - NUMERO INTERNACIONAL NORMALIZADO PARA LIBROS [R]
Número Internacional Normalizado del libro [NR] 9589766625
040 ## - FUENTE DE CATALOGACION [NR]
Agencia de catalogación original [NR] CO-BoUCM
Idioma de catalogación [NR] spa
Quien Cataloga Sandra Palacio
Quien Clasifica David Moreno (modificó)
041 0# - CODIGO DE IDIOMA [R]
Código de idioma para texto/pista de sonido o título separado [R] Español
110 2# - ASIENTO PRINCIPAL--NOMBRE CORPORATIVO [NR]
Nombre corporativo o de jurisdicción como elemento de entrada [NR] Archivo General de la Nación (Colombia)
Unidad subordinada [R] Comité de Archivos de Instituciones de Educación Superior
ID de autoridad 75470
245 10 - MENCION DE TITULO [NR]
Título [NR] Archivos de instituciones de educación superior
Parte restante del título [NR] Directrices para su organización
Mención de responsabilidad, etc. [NR] Archivo General de la Nación, Comité de Archivos de Instituciones de Educación Superior ; elaborado por María Imelda López Ávila, Teresita Caraballo y Myriam Marín Cortés
260 ## - PUBLICACION, DISTRIBUCION, ETC. (PIE DE IMPRENTA) [R]
Lugar de publicación, distribución, etc. [R] Bogotá
Nombre del editor, distribuidor, etc. [R] Archivo General de la Nación
Fecha de publicación, distribución, etc. [R] 2005
300 ## - DESCRIPCION FISICA [R]
Extensión [R] 28 páginas
Otros detalles físicos [NR] ilustraciones
500 ## - NOTA GENERAL [R]
Nota general [NR] Documento de trabajo. Incluye glosario
504 ## - NOTA DE BIBLIOGRAFIA, ETC. [R]
Nota de bibliografía, etc. [NR] Incluye referencias bibliográficas
650 #7 - ASIENTO SECUNDARIO DE MATERIA - TERMINO TEMATICO [R]
Término temático o nombre geográfico como elemento de entrada [NR] Administración de archivos
9 (RLIN) 8530
Subdivisión general [R] Instituciones universitarias
650 #7 - ASIENTO SECUNDARIO DE MATERIA - TERMINO TEMATICO [R]
Término temático o nombre geográfico como elemento de entrada [NR] Archivos
9 (RLIN) 97
650 #7 - ASIENTO SECUNDARIO DE MATERIA - TERMINO TEMATICO [R]
Término temático o nombre geográfico como elemento de entrada [NR] Administración de sistemas de información
9 (RLIN) 8581
Subdivisión general [R] Archivos
690 ## - ASUNTO AGREGADO LOCAL DE ENTRADA - TÉRMINO TEMÁTICO (OCLC, RLIN)
Acceso temático local Bibliotecología
9 (RLIN) 10049
700 1# - ASIENTO SECUNDARIO - NOMBRE PERSONAL [R]
Nombre personal [NR] López Ávila, María Imelda
9 (RLIN) 75471
700 1# - ASIENTO SECUNDARIO - NOMBRE PERSONAL [R]
Nombre personal [NR] Caraballo, Teresita
9 (RLIN) 75472
700 1# - ASIENTO SECUNDARIO - NOMBRE PERSONAL [R]
Nombre personal [NR] Marín Cortés, Myriam
9 (RLIN) 75473
942 ## - ELEMENTOS DE ENTRADA AGREGADOS (KOHA)
Sistema de clasificación DEWEY
Tema principal Generalidades
Tipo de ítem principal el descrito en 300a Libro
Edición 1
Clasificación 025.17
Parte restante de la signatura top. A673ar
Título oculto en OPAC No
Existencias
Fecha de último préstamo Total préstamos Total Renewals Signatura topográfica Código de barras Última vez visto Ejemplar Costo de reposición Price effective from Tipo de ítem Nota pública (OPAC) Perdido Sistema de clasificación Dañado No prestable Tipo de ítem específico Suprimido Ubicación habitual Ubicación actual Localización Fecha de creación Proveedor Forma de adquisición Costo
13/07/2017 2 4 025.17 A673ar 100148730 04/12/2025 Ej.1 12750.00 12/02/2016 Libro Spot de bibliotecología   DEWEY     Libro   Claustro Claustro Oficina CRAI 12/02/2016 10 Compra 12750.00